000 00268nam a2200109Ia 4500
008 220204s9999 xx 000 0 und d
082 _a662.997
_bPAU
100 _aPaul, J K
245 0 _aSolar heating and coding
260 _aNew Jersey
_bNoyes Data
_c1977
942 _cBK
999 _c29830
_d29830